000 00709cam a22002411 4500
001 8376
003 BD-RjUL
005 20211208234558.0
008 140118r19621961nyua b 001 0 eng
035 _a(BD-RjUL)8421
040 _aDLC/ICU
_cICU
_dBD-RjUL
_beng
041 _aeng
082 0 0 _a523.3
_bPHY 1962
245 0 0 _aPhysics and astronomy of the moon /
_cZdenĕk Kopal.
260 _aNew York :
_bAcademic Press,
_cc1962 [Reprinted 1962].
300 _axv, 538 p. :
_billus., diagrs., tables. ;
_c24 cm.
504 _aIncludes bibliographies and index.
651 0 _aMoon.
_926089
700 1 _aKopal, Zdenĕk,
_926090
_d1914-1993.
942 _2ddc
_cBK
999 _c8376
_d8376